| 000 | 00429nam a22001577a 4500 | ||
|---|---|---|---|
| 005 | 20251030131206.0 | ||
| 008 | 251030b |||||||| |||| 00| 0 eng d | ||
| 020 | _a9781403942173 | ||
| 050 | _aRT86 NIV | ||
| 100 | _aNiven, Neil | ||
| 245 |
_aThe Psychology of Nursing Care _cNeil Niven |
||
| 250 | _a2nd ed. | ||
| 260 |
_aNew York _bPalgrave Macmillan _c2006 |
||
| 300 |
_axiv. 418p. _bill. _c24.5cm |
||
| 942 |
_2lcc _cBK _e2nd ed. _n0 |
||
| 999 |
_c7959 _d7959 |
||